The First 100 Words of Jane Eyre - Statistics

General Stats
  • This quiz has been taken 227 times
  • The average score is 45 of 100
Answer Stats
Answerss % Correct
a
97%
I
95%
the
95%
was
85%
an
81%
no
78%
We
78%
There
74%
there
74%
in
73%
of
73%
when
72%
it
68%
it:
68%
on
65%
that
65%
to
64%
and
62%
day.
62%
so
58%
had
52%
by
51%
me
48%
walk
44%
but
42%
Reed,
41%
(Mrs.
39%
rain
39%
out
38%
with
33%
taking
32%
been
30%
never
30%
possibility
30%
cold
29%
wind
27%
morning;
24%
question.
20%
home
19%
now
18%
long
17%
since
17%
hour
16%
winter
16%
dinner
15%
early)
15%
clouds
14%
company,
14%
dined
14%
indeed,
13%
liked
13%
shrubbery
13%
wandering,
13%
brought
12%
glad
12%
leafless
12%
heart
11%
walks,
10%
chidings
9%
exercise
9%
fingers
9%
further
9%
outdoor
9%
sombre,
9%
chilly
8%
penetrating,
8%
coming
7%
especially
7%
nipped
7%
saddened
7%
toes,
7%
afternoons:
6%
dreadful
6%
twilight,
6%
raw
5%
No matching quizzes found
Score Distribution
Percent of People with Each Score
Percentile by Number Answered
Your Score History
You have not taken this quiz